000 00487nmm a2200169Ia 4500
008 251105s9999||||xx |||||||||||||||||und||
020 _a9789560001573
041 _aspa
100 _aAverchenko, Arkady
245 0 _aEl Crimen de la actriz Maryskina
264 _a[Santiago de Chile, Chile] :
_bLOM Ediciones,
_c2010
300 _a76 páginas
490 _aNarrativa
650 _aLatin American narrative
856 _uhttps://public.digitaliapublishing.com/a/13164
942 _cCF
999 _c93427
_d93427